Java programming: from problem analysis to program design. / (Record no. 1584)

MARC details
000 -LEADER
fixed length control field 01165nam a22001697a 4500
008 - FIXED-LENGTH DATA ELEMENTS--GENERAL INFORMATION
fixed length control field 120627t xxu||||| |||| 00| 0 eng d
020 ## - INTERNATIONAL STANDARD BOOK NUMBER
International Standard Book Number 9781423901358
050 ## - LIBRARY OF CONGRESS CALL NUMBER
Classification number QA76.73.J38.M112
100 ## - MAIN ENTRY--PERSONAL NAME
Personal name Malik D.S.
245 ## - TITLE STATEMENT
Title Java programming: from problem analysis to program design. /
Statement of responsibility, etc. D.S Malik
250 ## - EDITION STATEMENT
Edition statement 3rd ed.
260 ## - PUBLICATION, DISTRIBUTION, ETC.
Place of publication, distribution, etc. Australia:
Name of publisher, distributor, etc. Thomson;
Date of publication, distribution, etc. 2008.
300 ## - PHYSICAL DESCRIPTION
Extent xxii, 1055 p.:
Other physical details ill.;
Dimensions 26cm.
500 ## - GENERAL NOTE
General note Includes index.
505 ## - FORMATTED CONTENTS NOTE
Formatted contents note Contents: An Overview of computers and programming languages -- Basic elements java -- Introduction to objects and input/ output -- Control structures I: selection -- Control structures II: Repetition -- Graphical user interface (GUL) and object- oriented design (OOD) -- User-defined methods -- User- defined classes and ADTs -- Arrays -- Applications of arrays (searching and sorting ) and strings -- Inheritance and polymorphism -- Handing exceptions and events -- Advanced GUIs and graphics -- Recursion -- Appendix A: Java reserved word -- Appendix B: Operator precedence -- Appendix C: Character sets -- Appendix D: Additional Java topics -- Appendix E: Answers to odd-numbered exercises.
942 ## - ADDED ENTRY ELEMENTS (KOHA)
Source of classification or shelving scheme Library of Congress Classification
Koha item type Books
Holdings
Withdrawn status Lost status Source of classification or shelving scheme Damaged status Not for loan Home library Current library Shelving location Date acquired Total Checkouts Full call number Barcode Date last seen Copy number Price effective from Koha item type
    Library of Congress Classification     WISCONSIN INTERNATIONAL UNIVERSITY COLLEGE, GHANA - MAIN LIBRARY WISCONSIN INTERNATIONAL UNIVERSITY COLLEGE, GHANA - MAIN LIBRARY General Stacks 27/06/2012   QA76.73.J38.M112 4615/12 27/06/2012 1 27/06/2012 Books
    Library of Congress Classification     WISCONSIN INTERNATIONAL UNIVERSITY COLLEGE, GHANA - MAIN LIBRARY WISCONSIN INTERNATIONAL UNIVERSITY COLLEGE, GHANA - MAIN LIBRARY General Stacks 27/06/2012   QA76.73.J38.M1121 4616/12 27/06/2012 2 27/06/2012 Books
    Library of Congress Classification     WISCONSIN INTERNATIONAL UNIVERSITY COLLEGE, GHANA - MAIN LIBRARY WISCONSIN INTERNATIONAL UNIVERSITY COLLEGE, GHANA - MAIN LIBRARY General Stacks 27/06/2012   QA76.73.J38.M1122 4617/12 27/06/2012 3 27/06/2012 Books
    Library of Congress Classification     WISCONSIN INTERNATIONAL UNIVERSITY COLLEGE, GHANA - MAIN LIBRARY WISCONSIN INTERNATIONAL UNIVERSITY COLLEGE, GHANA - MAIN LIBRARY General Stacks 27/06/2012   QA76.73.J38.M1123 4618/12 27/06/2012 4 27/06/2012 Books

If you have any concerns or questions; kindly contact the library


© Powered by WIUC ICT DIRECTORATE